Loading...
| History - European | 0 | 7 | 0 | 0 | 70 | 16 | 44.14 | 2 | 5 | 38.55 | 44.83 |
| History - Other | 0 | 5 | 0 | 1 | 50 | 52 | 75.60 | 1 | 2 | 13.87 | 27.87 |
| History - World | 0 | 5 | 0 | 0 | 50 | 27 | 57.40 | 0 | 3 | 21.30 | 16.67 |
| Religion | 0 | 3 | 0 | 0 | 30 | 51 | 70.67 | 0 | 0 | 11.74 | 11.03 |
| Geography | 0 | 3 | 1 | 1 | 25 | 62 | 82.67 | 0 | 1 | 12.29 | 23.61 |
| History - American | 0 | 2 | 0 | 1 | 20 | 60 | 74.00 | 1 | 2 | 6.48 | 12.81 |
| Philosophy | 0 | 2 | 0 | 0 | 20 | 66 | 68.00 | 0 | 0 | 9.18 | 15.15 |
| Current Events | 0 | 1 | 0 | 0 | 10 | 43 | 43.00 | 0 | 1 | 9.91 | 12.50 |
| Science - Physics | 0 | 1 | 0 | 0 | 10 | 61 | 61.00 | 0 | 1 | 3.86 | 5.30 |
| Social Science | 0 | 1 | 0 | 0 | 10 | 48 | 48.00 | 0 | 1 | 7.76 | 7.14 |
| Science - Biology | 0 | 1 | 0 | 0 | 10 | 54 | 54.00 | 0 | 1 | 4.63 | 8.33 |
| Science - Other | 0 | 1 | 0 | 0 | 10 | 100 | 100.00 | 0 | 0 | 0.90 | 6.06 |
| Mythology | 0 | 0 | 0 | 0 | 0 | 0.00 | 0 | 0 | 0.00 | 0.00 | |
| Fine Arts - Painting and Sculpture | 0 | 0 | 0 | 0 | 0 | 0.00 | 0 | 0 | 0.00 | 0.00 |